A la espera de una política integral de seguridad
En el artículo, se expone la situación de la seguridad pública en El Salvador, la cual constituye una de las mayores preocupaciones de la población, así como también, se expone que se carece de una política integral que resuelva la inseguridad y combata la criminalidad existente
Kaydedildi:
| Materyal Türü: | Metin |
|---|---|
| Konular: | |
| Etiketler: |
Etiketle
Etiket eklenmemiş, İlk siz ekleyin!
|
MARC
| LEADER | 00000 a a2200000 04500 | ||
|---|---|---|---|
| 001 | 6827 | ||
| 003 | |||
| 040 | |||
| 245 | |a A la espera de una política integral de seguridad | ||
| 520 | |a En el artículo, se expone la situación de la seguridad pública en El Salvador, la cual constituye una de las mayores preocupaciones de la población, así como también, se expone que se carece de una política integral que resuelva la inseguridad y combata la criminalidad existente | ||
| 650 | |a POLITICA | ||
| 650 | |a SEGURIDAD SOCIAL | ||
| 650 | |a CRIMEN ORGANIZADO | ||
| 650 | |a SISTEMA JUDICIAL | ||
| 650 | |a PRISIONES | ||
| 650 | |a VIOLENCIA | ||
| 650 | |a EL SALVADOR | ||
| 773 | |g volumen 28, número 1251; páginas 4-5 | ||
| 999 | |c 36103 |d 36103 | ||
